| 000 | 00534cam a2200169 4500 | ||
|---|---|---|---|
| 082 |
_a510.332 _bHUM _cL-2, P-32 |
||
| 100 | 1 |
_aHummel, Paul Matthew, _939082 |
|
| 245 | 1 | 0 |
_aMathematics of finance _cby Paul M. Hummel and Charles L. Seebeck. |
| 250 | _a1st ed. | ||
| 260 |
_aNew York, _bMcGraw-Hill Book Co., _c1948. |
||
| 300 |
_axi, 365 p. _btables _c24 cm. |
||
| 526 |
_a0 _b0 _c0 _d510_332000000000000_HUM |
||
| 650 | 0 |
_aBusiness mathematics. _939083 |
|
| 650 | 0 |
_aMCE _9379 |
|
| 700 | 1 |
_aSeebeck, Charles L., _939084 |
|
| 942 |
_2ddc _cBK |
||
| 999 |
_c543643 _d543643 |
||